Statistics for World capitals closest to Tromsø

Click here to take the quiz!

General Stats

  • This quiz has been taken 28 times
  • The average score is 18 of 20

Answer Stats

DistanceCapital% Correct
1093Helsinki
100%
2253London
100%
1151Oslo
100%
1931Berlin
96%
1151Stockholm
96%
1589Copenhagen
93%
1803Moscow
93%
1852Reykjavik
93%
2058Amsterdam
89%
2232Brussels
89%
2224Dublin
89%
1438Riga
89%
1171Tallinn
89%
1944Warsaw
89%
1809Minsk
85%
2226Kyiv
81%
2335Luxembourg
81%
2193Prague
81%
2392Vienna
81%
1699Vilnius
81%

Score Distribution

Percentile by Number Answered

Percent of People with Each Score

Your Score History

You have not taken this quiz